000 01980nam0a2200433 4500
001 RU\NLR\BIBL_A\012590057
005 20230209154538.0
010 _a978-5-907399-28-0
_91000
021 _aRU
_bКН-П-21-029448
_9КН-П-21-2284
035 _a(NLR Aleph) 012590057
090 _a12549269
_c12549269
100 _a20210902d2021 u y0rusy50 ca
101 0 _arus
102 _aRU
105 _aa z 000ay
181 0 _ai2
_baxxe
181 0 _ab2
_bxb2e
182 0 _an
200 1 _aБременские музыканты в стиле Рембрандта
_f[текст: Антон Позднышев
_gиллюстратор: Сергей Букур
_gавтор идеи: Евгения Ханоянц]
203 _aТекст
_bвизуальный
_cнепосредственный
210 _aМосква
_cVoicebook
_cВойс Групп Медиа
_d2021
215 _a[14] с.
_cцв. ил.
_d15х15
225 1 _aСерия "Сказки в стиле великих художников"
300 _aАвт. указан на концевой тит. с.
300 _aВ конце кн. QR-код ссылки на доп. информ. о худож. Рембрандте
600 1 _aРембрандт
_bХ. ван Р.
_f1606 - 1669
_gХарменс ван Рейн
_jИздания для детей
_91278560
_3RU\NLR\AUTH\66527121
686 0 _aШ9
_bЩ
686 0 _aШ9(4Г)60-4
700 1 _aПозднышев
_bА.
_gАнтон
702 1 _aБукур
_bС.
_gСергей
_4440
702 1 _aХаноянц
_bЕ.
_gЕвгения
_4245
702 1 _4570
_7ca
_8rus
_aРембрандт
_bХ. ван Р.
_f1606-1669
_gХарменс ван Рейн
_9118164
_3RU\NLR\AUTH\778252
942 _cBOOK
980 _aNB